| 000 | 01280nam a2200349 i 4500 | ||
|---|---|---|---|
| 001 | bg | ||
| 003 | BPK | ||
| 005 | 20220603091236.0 | ||
| 008 | 040109s2003 pl a f f |000 0 pol | ||
| 015 | _aPB 2004/1272 | ||
| 020 | _a8389020181 | ||
| 040 |
_aWA N _cBPK |
||
| 041 | 0 | _apol | |
| 080 | _a519.2 | ||
| 080 | _a(075.8) | ||
| 100 | 1 | _aJasiulewicz, Helena. | |
| 245 | 1 | 0 |
_aRachunek prawdopodobieństwa i statystyka matematyczna : _bprzykłady i zadania / _cHelena Jasiulewicz, Wojciech Kordecki. |
| 250 | _aWyd. 3 popr. | ||
| 260 |
_aWrocław : _b"GiS", _c2003. |
||
| 300 |
_a147, [2] s. : _btab., wykr. ; _c23 cm. |
||
| 490 | 1 | _aMatematyka dla Studentów Politechnik. | |
| 504 | _aBibliogr. s. [149]. | ||
| 655 | 4 | _aPodręczniki akademickie | |
| 650 | 4 | _aStatystyka matematyczna | |
| 650 | 4 | _aRachunek prawdopodobieństwa | |
| 710 | 2 |
_aOficyna Wydawnicza GiS _4pbl. |
|
| 700 | 1 |
_aKordecki, Wojciech _eAutor |
|
| 856 |
_uhttp://dlibra.tu.koszalin.pl/dlibra/docmetadata?id=339&from=&dirids=1&ver_id=&lp=1&QI= _yBiblioteka Cyfrowa |
||
| 830 | 0 | _aMatematyka dla Studentów Politechnik | |
| 942 |
_2UKD _cKS |
||
| 856 |
_uhttp://koha.tu.koszalin.pl/cgi-bin/koha/opac-detail.pl?biblionumber=52816 _yKatalog online BPK |
||
| 999 |
_c52816 _d52816 |
||